Dalailul Khairat (Record no. 3500)

MARC details
000 -LEADER
fixed length control field 00624nam a2200241 a 4500
020 ## - INTERNATIONAL STANDARD BOOK NUMBER
ISBN
082 00 - DEWEY DECIMAL CLASSIFICATION NUMBER
Classification number 297.52
Author Cutter JAZ
100 ## - MAIN ENTRY--AUTHOR NAME
Author name Jazuli, Abdullah Bin Mohamme
245 ## - TITLE STATEMENT
Title Dalailul Khairat
260 ## - PUBLICATION, DISTRIBUTION, ETC. (IMPRINT)
Place of publication Egypt
Name of publisher Maktaba-E-ilmia
Year of publication 1928
300 ## - PHYSICAL DESCRIPTION
Number of Pages 263p
500 ## - GENERAL NOTE
General note includes index and biblioraphy
505 2# - FORMATTED CONTENTS NOTE
Formatted contents note An altogether new interpretation of Revelation
650 ## - SUBJECT ADDED ENTRY--TOPICAL TERM
Topical Term Islam-Prayers
942 ## - ADDED ENTRY ELEMENTS (KOHA)
Koha item type Books
700 1# -
-- Jazuli, Abdullah Bin Mohamme
Holdings
Collection code Home library Current library Date acquired Cost, normal purchase price Full call number Accession Number Koha item type
  Henry Martyn Institute Library Henry Martyn Institute Library 07/04/2007 100.00 297.52 JAZ 06778 Books
                   Copyright © 2026 | Henry Martyn Institute | Hyderabad | TS-500052 | INDIA | Implemented by hmi.edu.in
Hit-Count:

Powered by Koha